[Event "10th KiiT Festival 2017"]
[Site "Bhubaneshwar"]
[Date "2017.05.27"]
[Round "1"]
[White "Shourya Jain"]
[Black "Iniyan, P."]
[Result "0-1"]
[WhiteElo "1944"]
[BlackElo "2392"]
[Annotator "NA"]
[PlyCount "80"]
[EventDate "2017.05.26"]
[EventType "swiss"]
[EventCountry "IND"]
[SourceTitle "playchess.com"]
[Source "ChessBase"]
[SourceQuality "1"]
[TimeControl "5400+30"]

1. e4 c5 2. Nc3 d6 3. f4 Nf6 4. Nf3 a6 5. a4 b6 6. d3 Bb7 7. g3 g6 8. Bg2 Bg7 9. O-O O-O 10. h3 Nc6 11. Be3 Nd7 12. d4 cxd4 13. Nxd4 Na5 14. Qe2 Rc8 15. Bf2 e5 16. fxe5 dxe5 17. Nf3 Nc4 18. b3 Nd6 19. Nd5 Nxe4 20. Qxe4 Nc5 21. Bxc5 Bxd5 22. Qe1 Rxc5 23. Rc1 e4 24. Nh4 f5 25. c4 Be6 26. Rd1 Qe7 27. Bh1 b5 28. cxb5 axb5 29. axb5 Bxb3 30. Rc1 Rxb5 31. Ng2 Bb2 32. Qe2 Qe5 33. Rb1 Ba2 34. Rbd1 Bd4+ 35. Kh2 Rb2 36. Rd2 Rfb8 37. Rc1 Bf7 38. Rxb2 Rxb2 39. Rc2 Rb3 40. Qe1 Rxg3 0-1

[Event "10th KiiT Festival 2017"]
[Site "Bhubaneshwar"]
[Date "2017.05.27"]
[Round "1"]
[White "Mrudul Dehankar"]
[Black "Sardana, Rishi"]
[Result "1-0"]
[WhiteElo "1942"]
[BlackElo "2390"]
[Annotator "NA"]
[PlyCount "105"]
[EventDate "2017.05.26"]
[EventType "swiss"]
[EventCountry "IND"]
[SourceTitle "playchess.com"]
[Source "ChessBase"]
[SourceQuality "1"]
[TimeControl "5400+30"]

1. d4 Nf6 2. Nf3 d5 3. Bf4 c5 4. e3 Nc6 5. c3 e6 6. Nbd2 cxd4 7. exd4 Nh5 8. Bg3 Nxg3 9. hxg3 Bd6 10. Bd3 h6 11. Qe2 O-O 12. Ne5 f6 13. Ng4 Qc7 14. Nxh6+ gxh6 15. Rxh6 Rf7 16. Qh5 Kf8 17. Rh8+ Ke7 18. Bg6 Nd8 19. Bxf7 Nxf7 20. Rh7 Ke8 21. Qg6 Bf8 22. Qxf6 Qe7 23. Qg6 e5 24. Nf3 Qe6 25. Qh5 Qf5 26. Ng5 Be6 27. Nxe6 Qxe6 28. dxe5 Qxe5+ 29. Qxe5+ Nxe5 30. O-O-O Nf7 31. Rxd5 Rc8 32. f4 Rc6 33. Rf5 Nh6 34. Re5+ Kd8 35. Rxb7 Bd6 36. Rh5 Bc7 37. Rxa7 Nf7 38. Ra8+ Ke7 39. Ra4 Re6 40. Ra7 Kd8 41. Rh7 Re7 42. Ra8+ Kd7 43. Rf8 Ke6 44. Rg8 Kf6 45. Rgg7 Bb6 46. f5 Be3+ 47. Kc2 Rd7 48. Rxf7+ Rxf7 49. Rxf7+ Kxf7 50. Kd3 Bf2 51. g4 Kf6 52. Ke4 Bg3 53. c4 1-0

[Event "10th KiiT Festival 2017"]
[Site "Bhubaneshwar"]
[Date "2017.05.27"]
[Round "1"]
[White "Jishitha D"]
[Black "Rathnakaran, K."]
[Result "1/2-1/2"]
[WhiteElo "1933"]
[BlackElo "2378"]
[Annotator "NA"]
[PlyCount "77"]
[EventDate "2017.05.26"]
[EventType "swiss"]
[EventCountry "IND"]
[SourceTitle "playchess.com"]
[Source "ChessBase"]
[SourceQuality "1"]
[TimeControl "5400+30"]

1. d4 Nf6 2. c4 g6 3. g3 Bg7 4. Bg2 O-O 5. Nf3 d6 6. Nc3 Nc6 7. O-O a6 8. d5 Na5 9. Nd2 c5 10. Qc2 Bd7 11. b3 b5 12. Bb2 Rb8 13. Rab1 e5 14. dxe6 fxe6 15. Nce4 Ne8 16. Bxg7 Kxg7 17. Rfd1 Nc6 18. Nf3 Qe7 19. cxb5 Nb4 20. Qd2 Bxb5 21. a4 Bc6 22. Nxd6 Nxd6 23. Qxd6 Qxd6 24. Rxd6 Be4 25. Rc1 Bc2 26. Ng5 Kf6 27. Ne4+ Bxe4 28. Bxe4 Ke5 29. Rd7 Kxe4 30. Rxc5 Nd5 31. Rc4+ Ke5 32. Rc6 Rxb3 33. f4+ Kf5 34. Kf2 Rb4 35. Kf3 h5 36. Rxd5+ exd5 37. h3 Rb3+ 38. e3 Rxe3+ 39. Kxe3 1/2-1/2

[Event "10th KiiT Festival 2017"]
[Site "Bhubaneshwar"]
[Date "2017.05.27"]
[Round "1"]
[White "Singh, Neha"]
[Black "Rathanvel, V S"]
[Result "1/2-1/2"]
[WhiteElo "1922"]
[BlackElo "2361"]
[Annotator "NA"]
[PlyCount "94"]
[EventDate "2017.05.26"]
[EventType "swiss"]
[EventCountry "IND"]
[SourceTitle "playchess.com"]
[Source "ChessBase"]
[SourceQuality "1"]
[TimeControl "5400+30"]

1. e4 c5 2. Nf3 d6 3. d4 cxd4 4. Nxd4 Nf6 5. Nc3 a6 6. Be2 e6 7. O-O Be7 8. Be3 O-O 9. a4 Nc6 10. Kh1 Qc7 11. f4 Rb8 12. Qe1 Re8 13. Qg3 Bf8 14. Rad1 d5 15. e5 Ne4 16. Nxe4 dxe4 17. c3 Bd7 18. Ra1 Ne7 19. Qf2 b5 20. axb5 axb5 21. Nb3 Bc6 22. Ra7 Qc8 23. Nc5 Nf5 24. Rfa1 Rd8 25. Kg1 Nxe3 26. Qxe3 Bxc5 27. Qxc5 Rd2 28. Qe7 Qf8 29. Bf1 Rxb2 30. Qd6 Bd5 31. Re1 Qxd6 32. exd6 Rd8 33. Ra5 Bc6 34. Ra6 Rxd6 35. Rxe4 Bxe4 36. Rxd6 g6 37. Rd4 Bd5 38. Rb4 Rc2 39. Rxb5 Rxc3 40. Rb2 h5 41. h4 Kg7 42. Kh2 Rc1 43. Be2 Kf6 44. Kg3 Rh1 45. Rc2 Rb1 46. Rc3 Rb2 47. Bf3 Bxf3 1/2-1/2

[Event "10th KiiT Festival 2017"]
[Site "Bhubaneshwar"]
[Date "2017.05.27"]
[Round "1"]
[White "Amarasinghe, A A C B"]
[Black "Saravana, Krishnan P"]
[Result "1-0"]
[WhiteElo "1915"]
[BlackElo "2345"]
[Annotator "NA"]
[PlyCount "59"]
[EventDate "2017.05.28"]
[EventType "swiss"]
[EventCountry "IND"]
[SourceTitle "playchess.com"]
[Source "ChessBase"]
[SourceQuality "1"]
[TimeControl "5400+30"]

1. e4 e6 2. d4 d5 3. Nc3 Bb4 4. e5 c5 5. a3 Bxc3+ 6. bxc3 Qa5 7. Bd2 Qa4 8. Qg4 g6 9. h4 Nc6 10. h5 Qxc2 11. hxg6 Qxg6 12. Qxg6 fxg6 13. Nf3 c4 14. Be2 h6 15. Bd1 Kf7 16. Bc2 Kg7 17. O-O-O Bd7 18. Rh3 Nge7 19. Rdh1 g5 20. Nh2 Nf5 21. Ng4 Nce7 22. Nf6 Bc6 23. g4 Rad8 24. gxf5 exf5 25. Bxg5 hxg5 26. Rh7+ Rxh7 27. Rxh7+ Kg6 28. Rxe7 Rh8 29. Ng4 Rh1+ 30. Kb2 1-0

[Event "10th KiiT Festival 2017"]
[Site "Bhubaneshwar"]
[Date "2017.05.27"]
[Round "2"]
[White "Amonatov, Farrukh"]
[Black "Subhayan Kundu"]
[Result "1-0"]
[WhiteElo "2632"]
[BlackElo "2121"]
[Annotator "TA"]
[PlyCount "71"]
[EventDate "2017.05.26"]
[EventType "swiss"]
[EventCountry "IND"]
[SourceTitle "playchess.com"]
[Source "ChessBase"]
[SourceQuality "1"]

{[%evp 24,71,12,13,34,16,42,46,48,56,53,59,194,199,306,312,231,223,223,147,167,0,0,0,0,0,309,292,29988,29989,29988,29989,29989,29989,29990,29984,29984,29978,29988,29975,12812,1258,957,154,29987,29988,29994,29995,29997,150]} 1. e4 {[%cal Be2e4,Be4e5][%mdl 32]} e6 2. d4 d5 3. Nc3 Nf6 4. e5 Nfd7 5. f4 c5 6. Nf3 Nc6 7. Be3 Be7 8. Qd2 O-O 9. Be2 {C11: French: Classical System: 4 e5 and 4 Bg5 dxe4} (9. a3 cxd4 10. Nxd4 Nxd4 11. Bxd4 Nb8 12. Bd3 Nc6 13. Bf2 a6 14. O-O f6 15. exf6 Bxf6 16. Na4 b5 {½-½ (30) Svidler,P (2748)-Short,N (2675) Caleta 2017}) 9... b6 10. Nd1 cxd4 11. Nxd4 Nxd4 12. Bxd4 Nc5 13. Nf2 {LiveBook: 5 Games} f5 14. O-O-O $146 ({Predecessor:} 14. exf6 Bxf6 15. O-O Bb7 16. Ng4 Ne4 17. Nxf6+ gxf6 {½-½ (121) Firat,B (2448)-Santos Ruiz,M (2297) Roquetas de Mar 2014}) 14... Kh8 15. Kb1 a5 16. g4 Ba6 17. Bf3 g5 (17... Ne4 $14 18. Qe1 Nc5) 18. h4 $1 $18 {[%cal Bh2h4,Bh4g5,Bg5g6][%mdl 32]} fxg4 ({Much weaker is} 18... gxh4 $6 19. g5 $16) (18... gxf4 $142 19. Qxf4 fxg4 20. Qxg4 Rf7) 19. hxg5 gxf3 20. g6 Bh4 {[#]} 21. Rdg1 $1 Ra7 {[#]} 22. Bxc5 $2 (22. Rg4 $1 $18 {[%cal Rg4h4]} Bxf2 23. Qxf2) 22... bxc5 $11 23. Rg4 Bxf2 $1 24. Qxf2 {gxh7 is the strong threat.} Be2 $2 {[%mdl 8192]} (24... Rg8 $11 {and Black has nothing to worry.} 25. Qxf3 Qf8) 25. gxh7 $18 {Threatens to win with Qg3.} Rg7 $2 (25... Qe7 $18 26. Qg1 Qxh7) 26. Rxg7 Kxg7 27. Qg3+ Kf7 28. Rh6 Rh8 29. Qg6+ Kf8 30. Qxe6 Qe7 31. Rf6+ Ke8 32. Qc6+ (32. Qg8+ $142 Kd7 33. Rb6) 32... Qd7 33. Qxc5 $2 $40 {[%mdl 128] White goes for the king.} (33. Re6+ $18 {and the rest is easy.} Kd8 34. Rd6 Rxh7 35. Rxd7+ Rxd7 36. e6) 33... d4 $2 (33... f2 $16 34. Qxf2 Rxh7) 34. e6 {White mates.} Qb7 35. Rg6 Qxh7 36. Qc8+ {Precision: White = 71%, Black = 24%.} 1-0

[Event "10th KiiT Festival 2017"]
[Site "Bhubaneshwar"]
[Date "2017.05.27"]
[Round "2"]
[White "Tukhaev, Adam"]
[Black "Sreeshwan Maralakshikari"]
[Result "1/2-1/2"]
[WhiteElo "2557"]
[BlackElo "2109"]
[Annotator "TA"]
[PlyCount "146"]
[EventDate "2017.05.26"]
[EventType "swiss"]
[EventCountry "IND"]
[SourceTitle "playchess.com"]
[Source "ChessBase"]
[SourceQuality "1"]

{[%evp 22,146,33,0,0,0,-9,-7,0,-17,-15,-12,1,-21,-15,-16,-12,-17,-18,-31,-8,-22,-18,-13,0,-11,0,9,37,18,38,24,53,47,45,5,10,-4,131,131,134,134,132,122,145,143,152,152,210,200,193,203,196,260,216,210,193,177,179,181,199,0,173,177,176,116,124,116,142,142,145,146,166,166,200,132,127,129,162,139,159,137,145,67,67,61,66,66,67,67,67,67,67,54,95,95,95,95,95,95,95,80,84,0,95,95,102,95,95,104,110,20,32,0,0,0,0,0,0,0,0,0,77,0,0,0,0]} 1. e4 c6 2. Nc3 d5 3. Nf3 dxe4 4. Nxe4 Nf6 5. Nxf6+ exf6 6. Bc4 Qe7+ 7. Be2 Qc7 8. d4 Bd6 9. O-O O-O 10. c4 Re8 11. Be3 Nd7 {[%cal Bb8d7,Bd7f8,Bf8g6,Bg6f4,Bf4d5][%mdl 32]} 12. Qd2 Nf8 {B15: Caro-Kann: 3 Nc3: 3...g6 and 3...dxe4 4 Nxe4 Nf6 5 Nxf6+ exf6} 13. c5 $146 ({Predecessor:} 13. Rfe1 Bf5 14. c5 Be7 15. d5 cxd5 16. Qxd5 Be6 17. Qh5 Red8 18. b4 a5 19. a3 f5 20. g3 axb4 21. axb4 Rxa1 22. Rxa1 Ng6 23. Ng5 Bxg5 24. Bxg5 Qe5 25. Rc1 f6 26. Be3 Qe4 {½-½ (25) Larsen,B (2560)-Hansen,L (2455) Naestved 1988}) 13... Be7 14. d5 cxd5 15. Qxd5 Be6 16. Qd4 Ng6 17. Rfc1 f5 18. Qc3 Nf4 19. Bb5 Nd5 20. Qa3 Rec8 21. Bd4 a6 22. Bf1 a5 23. b3 Qf4 24. Qb2 Bf6 25. Rc4 Qc7 26. Re1 Re8 27. Rcc1 $36 {[%mdl 2048] White has the initiative.} Rad8 28. Bb5 Bd7 29. Bc4 (29. Bxd7 {seems wilder.} Rxe1+ 30. Rxe1 Qxd7 31. a3 Qb5 32. Qd2) 29... Be6 (29... Bxd4 $1 $11 30. Qxd4 Nf6) 30. Bxd5 $1 $16 Rxd5 31. Bxf6 gxf6 32. Qxf6 Rxc5 33. Rxc5 Qxc5 34. Qg5+ Kf8 (34... Kh8 $16 {might work better.} 35. Qf6+ Kg8) 35. Qh6+ $18 Kg8 36. Ng5 Qc3 {[%cal Rc3e1]} 37. Qxh7+ Kf8 {[%cal Rc3e1]} 38. Qh6+ Kg8 {[%cal Rc3e1] [#]} 39. Nf3 $1 Bd7 40. Qg5+ Kf8 41. Qh6+ Kg8 42. Rc1 Qg7 {[#]} 43. Qxg7+ (43. Qf4 $1 $18) 43... Kxg7 {[%mdl 4096] Endgame KRB-KRN} 44. Nd4 Re4 45. Rd1 a4 46. f3 Re3 47. Kf2 Rc3 48. Kg3 Kf6 49. Kf4 axb3 50. axb3 Be6 51. Rd2 Bxb3 52. Rb2 ({Better is} 52. Nxf5 $16 {Hoping for Nd6.} Rc4+ 53. Nd4) 52... Be6 $14 53. Rxb7 Rc4 54. Ke3 Ra4 55. Ne2 Ra3+ 56. Kf2 $1 Ra2 57. Rc7 Rb2 58. Ke3 Rb3+ 59. Rc3 Rb4 60. Nf4 Kg5 61. Nh3+ Kf6 62. Nf4 Kg5 $1 63. g3 Rb2 64. h4+ Kf6 65. Ra3 Rb1 66. h5 (66. Nd3 $16) 66... Kg5 67. Ra8 {Rg8+ is the strong threat.} Rb3+ 68. Kf2 Rb2+ 69. Kg1 Rb1+ 70. Kg2 {And now Rg8+ would win.} Rb2+ 71. Kh3 {Black must now prevent Rg8+.} Rb3 (71... Rf2 $11 {keeps the balance.}) 72. Rh8 (72. Rg8+ $16 Kh6 73. Nxe6 fxe6 74. Kh4) 72... Rxf3 $11 73. h6 Rb3 {Precision: White = 53%, Black = 64%.} 1/2-1/2

[Event "10th KiiT Festival 2017"]
[Site "Bhubaneshwar"]
[Date "2017.05.27"]
[Round "2"]
[White "Debashis, Das"]
[Black "Anustoop Biswas"]
[Result "1-0"]
[WhiteElo "2496"]
[BlackElo "2106"]
[Annotator "TA"]
[PlyCount "43"]
[EventDate "2017.05.26"]
[EventType "swiss"]
[EventCountry "IND"]
[SourceTitle "playchess.com"]
[Source "ChessBase"]
[SourceQuality "1"]

{[%evp 13,43,0,37,27,37,27,35,37,136,70,162,152,163,117,161,119,234,175,177,155,207,114,206,118,304,266,331,324,389,390,379,370]} 1. Nf3 d5 2. g3 c5 3. Bg2 Nf6 4. O-O e6 5. c4 d4 6. d3 Nc6 7. e3 {A09: Réti Opening: 1 Nf3 d5 2 c4} dxe3 {LiveBook: 4 Games} (7... h6 8. exd4 cxd4 9. Re1 Bd6 10. Na3 O-O 11. Nc2 a5 12. Na3 e5 13. Nb5 Bf5 14. Nh4 Bh7 15. Nxd6 Qxd6 {½-½ (47) Zeng,C (2552)-Bu,X (2723) Wuxi 2016}) 8. Bxe3 Be7 9. Nc3 {White is slightly better.} Ng4 $146 ({Predecessor:} 9... O-O 10. d4 cxd4 11. Nxd4 Nxd4 12. Qxd4 Qxd4 13. Bxd4 {½-½ (31) Dzupin,D (2230)-Gavriliuk,A (1864) Yuzhny 2011}) 10. Bf4 g5 {[#]} (10... Bd7 $14) 11. Bc1 (11. Bxg5 $1 $16 Bxg5 12. Nxg5 Qxg5 13. Bxc6+ bxc6 14. Ne4) 11... Nge5 ({Black should play} 11... h5 $14) 12. Nxe5 $18 Nxe5 13. Qe2 $36 {[%mdl 2048] White has strong initiative.} Nc6 14. Be3 Qb6 (14... Nd4 $16 15. Qh5 O-O) 15. Rfe1 h6 16. a3 Qd8 {[#]} (16... Nd4 $16 17. Bxd4 cxd4) 17. Rad1 ({Better is} 17. Bxc6+ $1 $18 bxc6 18. Na4) 17... Bd7 (17... Nd4 $16 18. Qh5 Kf8) 18. Qh5 (18. d4 $18) 18... Qa5 $2 (18... Kf8 $16) 19. Nd5 exd5 {[#]} 20. Bxg5 $1 {[%mdl 512]} Bg4 (20... hxg5 21. Qxh8#) 21. Qxg4 {Strongly threatening Bf6.} hxg5 22. cxd5 {Precision: White = 54%, Black = 16%.} 1-0

[Event "10th KiiT Festival 2017"]
[Site "Bhubaneshwar"]
[Date "2017.05.27"]
[Round "2"]
[White "Nguyen, Duc Hoa"]
[Black "Panda Sambit"]
[Result "1-0"]
[WhiteElo "2481"]
[BlackElo "2098"]
[Annotator "TA"]
[PlyCount "105"]
[EventDate "2017.05.26"]
[EventType "swiss"]
[EventCountry "IND"]
[SourceTitle "playchess.com"]
[Source "ChessBase"]
[SourceQuality "1"]

{[%evp 14,105,8,-20,4,-4,0,0,8,-17,-12,-12,-10,-25,-20,-22,-22,-22,-20,-12,14,14,12,10,17,14,11,8,6,0,0,0,0,0,33,34,26,28,41,41,32,36,83,29,67,64,106,104,105,11,126,110,116,67,42,99,176,178,177,172,171,164,162,93,1425,141,1375,142,228,0,96,0,1131,89,362,347,303,285,440,895,858,833,909,539,2782,5238,3077,2706,2074,1566,3591,2294,6311,3157]} 1. e4 c5 2. Nf3 e6 3. d4 cxd4 4. Nxd4 Nf6 5. Nc3 d6 6. Bg5 Be7 7. Qd2 a6 8. a4 Nc6 {B95: Sicilian Najdorf: 6 Bg5 e6, unusual White 7th moves} (8... b6 9. Bc4 Qc7 10. Bb3 Nc6 11. Nxc6 Qxc6 12. O-O Bb7 13. Rfe1 O-O 14. Rad1 Rad8 15. Qe2 Qc5 16. Be3 {1-0 (57) Druska,J (2466)-Mahmuti,A (2056) Gjakova 2016}) 9. Rd1 $146 ({Predecessor:} 9. Nxc6 bxc6 10. Bd3 e5 11. O-O O-O 12. a5 h6 13. Be3 d5 14. Bb6 Qd6 15. f4 dxe4 16. fxe5 Qxe5 17. Rxf6 Bxf6 18. Bxe4 {0-1 (51) Cuevas Araya,W (2182)-Llorens Sepulveda,M (2353) Santiago de Chile 2009}) 9... Bd7 10. Nb3 Na5 {The position is equal.} 11. Be2 (11. Bxf6 {feels hotter.} gxf6 12. Qe3 Nxb3 13. cxb3 Qa5 14. Be2) 11... Nxb3 12. cxb3 Bc6 13. Bxf6 Bxf6 14. Qxd6 Qxd6 15. Rxd6 Ke7 16. Rd2 Bxc3 (16... Rhd8 {seems wilder.} 17. Bd3 g5 18. Ke2 Rac8 19. Rhd1 g4) 17. bxc3 Bxe4 18. f3 Bc6 19. a5 Rhd8 20. c4 e5 21. Bd3 Rd4 22. Ke2 Rad8 23. Rhd1 g6 24. Bc2 Rxd2+ 25. Rxd2 Rxd2+ 26. Kxd2 $14 {[%mdl 4096] Endgame KB-KB} f5 27. b4 Kd6 28. h4 (28. g4 $16) 28... Bd7 29. g3 Be6 30. Kc3 Bd7 31. Bb3 (31. f4 $16) 31... Bc6 (31... Ke7 $1 $11) 32. f4 $1 $16 e4 33. Kd4 Bd7 34. Bd1 Be6 (34... h5 $16) 35. h5 $18 gxh5 36. Bxh5 Bd7 37. Bd1 Be6 38. Ba4 (38. Bc2 $18) 38... Bd7 $2 {[%mdl 8192]} (38... Bf7 $16) 39. Bb3 $2 (39. Bxd7 $18 {is the precise move to win.} Kxd7 40. g4 $1 {[%mdl 512]} fxg4 41. Kxe4) 39... Be6 $2 {[%mdl 8192]} (39... Bc6 $16) 40. Bc2 $2 (40. c5+ $18 Ke7 41. Bd1) 40... Bd7 {[#]} (40... Bc8 $16) 41. Bd1 (41. g4 $1 $18 {[%cal Rg4f5][%mdl 512]} fxg4 42. Bxe4) 41... Be6 $16 42. Ba4 $2 {[%mdl 8192]} (42. Be2 $16) 42... Bd7 $1 $18 {[%cal Rd7a4]} 43. Bc2 $2 (43. Bxd7 $18 {and the rest is easy.} Kxd7 44. Ke3) 43... Be6 $2 {[%mdl 8192] [#]} (43... Bc8 $16) 44. g4 $1 {[%mdl 512]} fxg4 45. Bxe4 Kc7 (45... g3 {was worth a try.} 46. Bxb7 h5) 46. Bxh7 {White is clearly winning.} g3 47. Be4 Bf5 48. Bg2 Bd7 49. Ke3 Bg4 50. c5 Kc8 51. Be4 Kc7 52. f5 g2 53. Kf2 {Precision: White = 54%, Black = 30%.} 1-0

[Event "10th KiiT Festival 2017"]
[Site "Bhubaneshwar"]
[Date "2017.05.27"]
[Round "2"]
[White "Shyaamnikhil P"]
[Black "Gandhi, Anish"]
[Result "1-0"]
[WhiteElo "2457"]
[BlackElo "2088"]
[Annotator "TA"]
[PlyCount "67"]
[EventDate "2017.05.26"]
[EventType "swiss"]
[EventCountry "IND"]
[SourceTitle "playchess.com"]
[Source "ChessBase"]
[SourceQuality "1"]

{[%evp 18,67,50,47,47,34,69,69,69,72,69,60,92,96,110,87,92,83,69,72,110,75,75,77,87,81,89,22,33,0,9,0,21,0,11,60,266,252,236,244,301,277,481,491,1521,1500,1435,1359,1914,1799,29985,29986]} 1. b3 d5 2. Bb2 Nf6 3. Nf3 g6 4. g3 Bg7 5. Bg2 O-O 6. O-O c6 7. d3 Bg4 8. Nbd2 Nbd7 9. c4 Bxf3 10. Nxf3 {LiveBook: 5 Games} Ne8 {A11: English Opening: 1...c6} 11. Qc2 $146 ({Predecessor:} 11. d4 Nd6 12. Rc1 dxc4 13. bxc4 c5 14. e3 Rc8 15. Qb3 Qa5 16. Ne5 Nb6 17. Nd3 Na4 18. Ba1 {1-0 (58) Flores,D (2579)-Paveto,K (2424) San Luis 2016}) 11... Nd6 12. Bxg7 Kxg7 {White is slightly better.} 13. e4 e6 14. Rfe1 Rc8 15. h4 h5 16. Qb2+ Kg8 17. Qa3 dxe4 18. dxe4 c5 19. e5 Nf5 20. Qxa7 Qc7 {[#] Strongly threatening ...Ra8.} 21. Qa3 $1 $36 {[%mdl 2048] Keeping Black busy.} Rfd8 22. Re4 (22. Rad1 $16) 22... Nb8 $11 23. g4 hxg4 24. Rxg4 Rd3 25. h5 {[%cal Bh4h5,Bh5g6][%mdl 32]} Rxf3 26. Bxf3 Qxe5 $2 (26... Nd7 $1 $14) 27. Rd1 $18 Nc6 28. hxg6 Ncd4 29. b4 ({Not} 29. Bxb7 Qe2 $14) 29... Ne2+ $2 (29... Nh6 {might work better.} 30. Rg2 cxb4) 30. Kf1 Nc3 (30... Ned4 $142 31. gxf7+ Kxf7 32. bxc5 Qxc5 33. Qxc5 Rxc5 34. Rgxd4 Nxd4) 31. gxf7+ Kxf7 32. Rd7+ Ke8 33. Rxb7 {[%cal Rg4g8] [#]} Ne7 34. Qa7 {Precision: White = 60%, Black = 41%.} 1-0

[Event "10th KiiT Festival 2017"]
[Site "Bhubaneshwar"]
[Date "2017.05.27"]
[Round "2"]
[White "Nitin, S.."]
[Black "Siddharth Sabharishankar"]
[Result "1-0"]
[WhiteElo "2426"]
[BlackElo "2087"]
[Annotator "TA"]
[PlyCount "65"]
[EventDate "2017.05.26"]
[EventType "swiss"]
[EventCountry "IND"]
[SourceTitle "playchess.com"]
[Source "ChessBase"]
[SourceQuality "1"]

{[%evp 19,65,-8,0,8,19,-7,-5,-6,-7,-14,0,-1,-14,0,0,0,0,0,0,-43,0,17,27,0,39,31,63,63,310,311,300,300,373,366,480,313,481,383,394,383,29990,29991,29990,29991,29991,29992,29992,29993]} 1. Nf3 d5 2. c4 e6 3. g3 Nf6 4. Bg2 Be7 5. O-O O-O 6. b3 c5 7. Bb2 Nc6 8. e3 b6 9. Nc3 Bb7 10. Rc1 Rc8 {[%cal Ba8c8,Bc8c7,Bc7d7][%mdl 32]} 11. d3 {A14: English Opening: 1...e6 with b3 by White} dxc4 12. bxc4 $146 Nb4 13. Ne1 {The position is equal.} Bxg2 14. Kxg2 Rc7 15. a3 Nc6 16. f4 Rd7 17. g4 Na5 {...Nxc4! is the strong threat.} 18. Qf3 Ne8 19. f5 exf5 (19... Bf6 $15) 20. gxf5 $11 Bf6 21. Kh1 Nc7 22. Rg1 Nb3 23. Rc2 Kh8 $2 ({Better is} 23... Na5 $14) 24. Ne4 $18 Bxb2 25. Rxb2 Nc1 {[#]} 26. f6 $1 g6 27. Qh3 {White threatens Qh6 and mate.} Ne6 (27... Ne8 $142) 28. Qh6 {Intending Ng5 and mate.} ({Less strong is} 28. d4 cxd4 29. Rg4 g5 $14) 28... Rg8 {[#]} 29. Nf3 $1 {[%cal Rf3g5] White wants to mate with Nfg5.} ({Stronger than} 29. d4 cxd4 30. Nf3 Qa8 $11) 29... Nxd3 $2 {[#]} (29... Qf8 $18 30. Qxf8 Rxf8) 30. Nfg5 $1 {[%csl Gg5][%cal Rh6h7][%mdl 512] White mates.} Nf8 {[#]} 31. Nxh7 $1 {[%mdl 512]} Nxh7 {[#]} 32. Ng5 $1 {[%csl Gg5][%cal Rh6h7][%mdl 512]} Qa8+ 33. e4 {Precision: White = 91%, Black = 31%.} 1-0

[Event "10th KiiT Festival 2017"]
[Site "Bhubaneshwar"]
[Date "2017.05.27"]
[Round "2"]
[White "Laxman, R R"]
[Black "Isha Sharma"]
[Result "1-0"]
[WhiteElo "2417"]
[BlackElo "2084"]
[Annotator "TA"]
[PlyCount "85"]
[EventDate "2017.05.26"]
[EventType "swiss"]
[EventCountry "IND"]
[SourceTitle "playchess.com"]
[Source "ChessBase"]
[SourceQuality "1"]

{[%evp 12,85,18,0,36,16,54,52,70,66,63,22,44,45,35,34,76,79,85,101,119,86,115,86,92,70,106,87,134,121,112,87,93,83,98,78,63,75,68,32,44,2,58,42,47,62,43,3,74,78,69,83,75,71,266,47,149,139,139,139,149,162,227,218,247,200,185,184,156,175,182,200,368,364,1189,1158]} 1. d4 Nf6 2. Nf3 g6 3. g3 Bg7 4. Bg2 O-O 5. O-O d6 6. a4 Nc6 7. a5 a6 {A49: 1 d4 Nf6 2 Nf3 g6 3 g3: Anti-King's Indian systems} 8. d5 Nb8 (8... Nb4 9. e4 Nxe4 10. c3 Nxd5 11. Qxd5 Nc5 12. Qd1 e5 13. Bg5 Qe8 14. Nbd2 e4 15. Nd4 {1-0 (62) Kovalenko,I (2700)-Bachmann,A (2593) Berlin 2015}) 9. c4 c5 {White is slightly better.} 10. Nc3 Nbd7 11. Bd2 $146 ({Predecessor:} 11. e4 b5 12. axb6 Nxb6 13. Qe2 e6 14. e5 Ne8 15. Ng5 {1-0 (35) Tsydypov,Z (2420)-Parvanyan,A (2197) Moscow 2016}) 11... b6 12. axb6 Nxb6 13. b3 Rb8 14. Qc2 e6 15. dxe6 fxe6 16. Rfd1 Ne8 17. Bf4 Qe7 18. Rac1 Bb7 19. Ne4 {[%cal Re4d6]} Rd8 20. Bg5 Nf6 21. Nfd2 (21. Bh4 {looks sharper.} Kh8 22. Ra1 Kg8 23. Bg5 Bxe4 24. Qxe4 Nxe4 25. Bxe7 Bxa1 26. Rxa1 Nd7 27. Ne1) 21... Nbd7 22. Nxf6+ Nxf6 23. Bxb7 Qxb7 24. Bxf6 Bxf6 25. Qe4 (25. Ne4 {keeps more tension.} Be7 26. f3 Qc6 27. Rd3 Rfe8 28. Kf2) 25... Qe7 26. Qc6 a5 ({Black should try} 26... d5 $11) 27. Ne4 $14 {[%cal Rd1d6]} Be5 28. Rd3 Rc8 29. Qb6 {[%cal Re4d6]} a4 (29... d5 $1 $11 30. cxd5 exd5 31. Nxc5 (31. Rxd5 Bc7 $17) 31... Bb8) 30. bxa4 $16 {[%cal Re4d6]} Rb8 31. Qa5 $1 Rb2 32. Qe1 d5 $2 (32... Rb4 $16) 33. Nd2 $2 ({White has to play} 33. cxd5 $18 exd5 34. Nxc5) 33... d4 (33... Bg7 $14) 34. Rb3 Rxb3 35. Nxb3 Rb8 36. Qd1 Rb4 (36... Ra8 {was called for.} 37. Rb1 Bd6) 37. a5 $18 Bd6 38. Qd3 Qb7 39. Nd2 $1 Ra4 {[#]} 40. Rb1 $1 {[%cal Rb1b7]} Qa8 41. e3 e5 $2 {[#]} (41... Rxa5 42. exd4 cxd4 43. Qxd4 Ra6) 42. exd4 $1 cxd4 $2 {[#]} (42... Rxa5 43. d5 Qd8) 43. c5 $1 {[%mdl 512] Precision: White = 58%, Black = 22%.} 1-0

[Event "10th KiiT Festival 2017"]
[Site "Bhubaneshwar"]
[Date "2017.05.27"]
[Round "2"]
[White "Das, Sayantan"]
[Black "Avdhoot Lendhe"]
[Result "1-0"]
[WhiteElo "2396"]
[BlackElo "2080"]
[Annotator "NA"]
[PlyCount "63"]
[EventDate "2017.05.26"]
[EventType "swiss"]
[EventCountry "IND"]
[SourceTitle "playchess.com"]
[Source "ChessBase"]
[SourceQuality "1"]
[TimeControl "5400+30"]

1. e4 c6 2. d4 d5 3. Nd2 dxe4 4. Nxe4 Bf5 5. Ng3 Bg6 6. h4 h6 7. Nf3 Nd7 8. h5 Bh7 9. Bd3 Bxd3 10. Qxd3 e6 11. Bf4 Qa5+ 12. Bd2 Bb4 13. c3 Be7 14. c4 Qc7 15. O-O-O Ngf6 16. Kb1 O-O-O 17. Ne4 c5 18. Nc3 cxd4 19. Nb5 Qb6 20. Bf4 Ne8 21. Qxd4 Bc5 22. Qc3 a6 23. Nbd4 Nef6 24. Bh2 Rhe8 25. Nb3 Ne4 26. Qc2 Ndf6 27. Rdf1 Re7 28. Ne5 Bd4 29. c5 Qb5 30. Nc4 Bxc5 31. f3 Nd6 32. Nxd6+ 1-0